MARC

LEADER 00000nam0a2200000 4500
001 24334
005 20231030200154.0
010 |a 5799002954 
035 |a (RuTPU)RU\TPU\book\24561 
035 |a BOOK00000014 
090 |a 24334 
100 |a 20011209d2000 m y0rusy50 ca 
101 0 |a rus 
102 |a RU 
105 |a y j 000zy 
200 1 |a Аудит  |e учебное пособие  |f О. В. Ковалева, Ю. П. Константинов 
210 |a Москва  |c Приор  |d 2000 
215 |a 267 с. 
610 1 |a экономика 
610 1 |a финансы 
610 1 |a бухгалтерский учет 
610 1 |a аудит 
610 1 |a аудиторская деятельность 
610 1 |a теория 
610 1 |a методика 
610 1 |a аудиторские проверки 
610 1 |a учебные пособия 
675 |a 657.6(07)  |v 3 
700 1 |a Ковалева  |b О. В 
701 1 |a Константинов  |b Ю. П 
801 0 |a RU  |b 63413507  |c 20011209  |g PSBO 
801 2 |a RU  |b 63413507  |c 20070312  |g PSBO 
942 |c BK